Statistieken voor Noem de 27 landen met bergen boven de 5000 meter

Klik hier om de quiz te nemen!

Algemene statistieken

  • Deze quiz is 13 keer genomen
  • De gemiddelde score is 19 van 81

Antwoordstatistieken

HintAntwoord% Correct
Canada
92%
China
92%
India
92%
LandenNepal
92%
Pakistan
92%
Bhutan
83%
Iran
83%
Rusland
83%
Verenigde Staten
83%
Chili
75%
Mexico
75%
Turkije
75%
Afghanistan
67%
Bergen 2Mount Everest
67%
2Mount Everest
67%
Peru
67%
Tanzania
67%
Colombia
58%
Ecuador
58%
1K2
58%
Kenia
58%
Georgie
50%
Bolivia
42%
Oeganda
33%
Congo
25%
Myanmar
25%
Tajikistan
25%
Hoogte in m8848
17%
8848
17%
2Mount Elbrus
17%
Kazakhstan
8%
Kyrgyzstan
8%
2Mount Ararat
8%
2Mount Kilimanjaro
8%
2Mount Stanley
8%
2Mount Stanley
8%
5110
0%
5110
0%
5137
0%
5193
0%
5199
0%
5610
0%
5636
0%
5642
0%
5700
0%
5881
0%
5892
0%
5959
0%
6194
0%
6267
0%
6542
0%
6768
0%
6893
0%
6960
0%
7010
0%
7439
0%
7492
0%
7495
0%
7570
0%
8586
0%
8611
0%
1Aconcagua
0%
Argentina
0%
1Batian
0%
1Damavand
0%
2Ğeňiš Čokusu
0%
2Hkakabo Razi
0%
1Huascaran
0%
2Ismail Samanipiek
0%
1Kangenjunga
0%
2Kangkar Pünzum
0%
2Khan Tengri
0%
2Mount Chimborazo
0%
2Mount Logan
0%
2Mount McKinley
0%
2Nevado Sajama
0%
1Noshaq
0%
3Ojos del Salado
0%
3Pico Cristóbal Colón
0%
3Pico de Orizaba
0%
1Sjchara
0%

Scoreverdeling

Percentiel versus Aantal Correcte Antwoorden

Procent van Mensen met Elke Score

Uw Scoregeschiedenis

U heeft deze quiz nog niet genomen